| 000 | 01235cam a22003495i 4500 | ||
|---|---|---|---|
| 999 |
_c27759 _d27730 |
||
| 001 | 019308152 | ||
| 003 | EG-ScBUE | ||
| 005 | 20191114142954.0 | ||
| 008 | 190228t2019 enka f b 001 0 eng d | ||
| 020 | _a9781473758438 (pbk.) | ||
| 040 |
_aStDuBDS _beng _erda _cStDuBDS _dEG-ScBUE |
||
| 082 | 0 | 4 |
_a338.88 _bPEN _222 |
| 100 | 1 | 0 |
_aPeng, Mike W., _d1968- _eauthor. _934344 |
| 245 | 1 | 0 |
_aInternational business / _cMike Peng and Klaus Meyer. |
| 250 | _aThird edition. | ||
| 264 | 1 |
_aAndover, Hampshire : _bCengage Learning EMEA, _c[2019] |
|
| 264 | 4 | _cc2019 | |
| 300 |
_axx, 597 pages : _billustrations (colour) ; _c28 cm |
||
| 336 |
_atext _btxt _2rdacontent |
||
| 337 |
_aunmediated _bn _2rdamedia |
||
| 338 |
_avolume _bnc _2rdacarrier |
||
| 500 | _aPrevious edition: Australia: Cengage Learning, 2016. | ||
| 504 | _aIncludes bibliographical references and index. | ||
| 650 | 7 |
_aInternational business enterprises. _2BUEsh |
|
| 650 | 7 |
_aInternational trade. _2BUEsh |
|
| 650 | 7 |
_aInternational business enterprises _vCase studies. _2BUEsh |
|
| 650 | 7 |
_aInternational trade _vCase studies. _2BUEsh _923290 |
|
| 653 |
_bBUSADM _cNovember2019 |
||
| 655 | _vText book | ||
| 700 | 1 |
_aMeyer, Klaus, _d1964- _eauthor. |
|
| 942 |
_2ddc _cBB |
||